Rozpočet rozpočtovej kapitoly MŠ SR, analýza rozpočtového hospodárenia s výhľadom do roku 2011 diplomová práca
Guardado en:
| Autor principal: | |
|---|---|
| Autor Corporativo: | |
| Otros Autores: | |
| Formato: | Libro |
| Lenguaje: | eslovaco |
| Publicado: |
Bratislava
2011
|
| Etiquetas: |
Sin Etiquetas, Sea el primero en etiquetar este registro!
|
MARC
| LEADER | 00000nam$a2200000$$$4500 | ||
|---|---|---|---|
| 001 | 0142651 | ||
| 005 | 20240318124824.5 | ||
| 041 | 0 | |a slo | |
| 044 | |a SK | ||
| 245 | 1 | 0 | |a Rozpočet rozpočtovej kapitoly MŠ SR, analýza rozpočtového hospodárenia s výhľadom do roku 2011 |b diplomová práca |c Branislav Maleš ; školiteľ: Peter Baláži |
| 264 | 1 | |a Bratislava |c 2011 | |
| 300 | |a 58 s. | ||
| 100 | 1 | |a Maleš, Branislav | |
| 700 | 1 | |a Baláži, Peter | |
| 710 | 2 | |a Národohospodárska fakulta EU. Katedra financií | |